Europe's 10 Cloudiest Major Cities - Statistics

General Stats
  • This quiz has been taken 96 times
  • The average score is 6 of 10
Answer Stats
hours of sun yearly city % Correct
1410 London
95%
1424 Dublin
89%
1203 Glasgow
77%
1416 Manchester
77%
1364 Birmingham
67%
1546 Brussels
66%
1268 Reykjavik
63%
1557 Hamburg
47%
1504 Cologne
32%
1517 Vaduz
9%
No matching quizzes found
Score Distribution
Percent of People with Each Score
Percentile by Number Answered
Your Score History
You have not taken this quiz